书目信息 |
| 题名: |
网络新闻采编评
|
|
| 作者: | 陈斌 著 | |
| 分册: | ||
| 出版信息: | 福州 福建人民出版社 2004 |
|
| 页数: | 199页 | |
| 开本: | 20cm | |
| 丛书名: | ||
| 单 册: | ||
| 中图分类: | G210.7 | |
| 科图分类: | ||
| 主题词: | 因特网--新闻采访 , 新闻学 , 因特网--新闻编辑 , 新闻编辑 | |
| 电子资源: | ||
| ISBN: | 7-211-04726-7 | |
| 000 | 00869nam0 2200265 450 | |
| 001 | 060000017708 | |
| 005 | 20060105144000.89 | |
| 010 | @a7-211-04726-7@dCNY11.00 | |
| 092 | @aCN | |
| 100 | @a20040828d2004 ekmy0chiy0120 ea | |
| 101 | 0 | @achi |
| 102 | @aCN@b350000 | |
| 105 | @ay z 000yy | |
| 200 | 1 | @a网络新闻采编评@9wang luo xin wen cai bian ping@f陈斌著@Fchen bin zhu |
| 210 | @a福州@c福建人民出版社@d2004 | |
| 215 | @a199页@d20cm | |
| 330 | @a本书共分为第10章,分别介绍了更现代化的媒介、网络新闻传播、商业网站和新闻网站、新闻网页、新闻选择、新闻采访、中文报道写作与编辑、多媒体报道制作与编辑、网络新闻评论、网络新闻专题。 | |
| 606 | 0 | @a因特网@x新闻采访 |
| 606 | 0 | @a新闻学 |
| 606 | 0 | @a因特网@x新闻编辑 |
| 606 | 0 | @a新闻编辑 |
| 690 | @aG210.7@v4 | |
| 701 | 0 | @a陈斌@Achen bin@4著 |
| 801 | 0 | @aCN@bCXYBOOK@c20060105 |
| 905 | @a10447@dG210.7@e165 | |
| 网络新闻采编评/陈斌著.-福州:福建人民出版社,2004 |
| 199页;20cm |
| ISBN 7-211-04726-7:CNY11.00 |
| 本书共分为第10章,分别介绍了更现代化的媒介、网络新闻传播、商业网站和新闻网站、新闻网页、新闻选择、新闻采访、中文报道写作与编辑、多媒体报道制作与编辑、网络新闻评论、网络新闻专题。 |
| ● |
| 相关链接 |
|
|
|
|
正题名:网络新闻采编评
索取号:G210.7/165
 
预约/预借
| 序号 | 登录号 | 条形码 | 馆藏地/架位号 | 状态 | 备注 |
| 1 | 0373855 | 203738553 | 第一样本阅览室/ [索取号:G210.7/165] | 在馆 | |
| 2 | 0373856 | 203738562 | 第四借阅区/ [索取号:G210.7/165] | 在馆 |